Visualizzazione normale
Vista MARC
- Romano Guardini
di Personal Name
Records bibliografici associati: 3
001 - CONTROL NUMBER
- control field: 34091
003 - CONTROL NUMBER IDENTIFIER
- control field: IT-RoPau
005 - DATE AND TIME OF LATEST TRANSACTION
- control field: 20150205114911.0
008 - FIXED-LENGTH DATA ELEMENTS
- fixed length control field: 150205|| aca||aabn | a|a d
040 ## - CATALOGING SOURCE
- Original cataloging agency: IT-RoPau
- Transcribing agency: IT-RoPau
100 ## - HEADING--PERSONAL NAME
- Personal name: Romano Guardini
670 ## - SOURCE DATA FOUND
- Source citation: Work cat.: (IT-RoPau)8667: Romano Guardini, Il rosario della Madonna, 1953